000 00604nam a2200169 4500
001 128094
003 ES-MaACL
005 20230906193148.0
007 t|
008 070214s1981 sp r ||||1| spa d
100 1 _aRoales-Nieto Hornero, Manuel.
_997774
245 1 0 _aDimensión social del hombre
_b: estructuras sociales /
_cManuel Roales-Nieto Hornero.
260 _aCiudad Real :
_bInstituto de Enseñanza Media `Eduardo Valencia`,
_c1981.
300 _a44 p. ;
_c25 cm.
710 2 _aInstituto de Enseñanza Media `Eduardo Valencia` (Ciudad Real)
_94871
852 _aES-MaACL
_j2118-F-13
_bR.101498
999 _c128094
_d128094